00449nam a2200133 i 4500001000300000100001900003245009400022260002100116040000800137041000800145080002300153008004100176856009800217bg1 aBOBROWSKI, Jan 0aWytyczne do projektowania systemów dziedzinowo-gałęziowych w SINTO /cJan Bobrowski. aWarszawa,c1982. cBPK apol a002.1:681.324(438) s pl f |000 0 pol  uhttp://koha.tu.koszalin.pl/cgi-bin/koha/opac-detail.pl?biblionumber=20508yKatalog online BPK